| 000 | 00742nam a2200253Ia 4500 | ||
|---|---|---|---|
| 008 | 160404s9999 xx 000 0 und d | ||
| 020 | _a971-08-4578-0 | ||
| 050 | _aFIL HF 5718 | ||
| 050 | _b.M33 2006 c.2 | ||
| 100 | _aMacabuhay, Cynthia Hermosisima - | ||
| 245 | _aEffective business letter and communication / | ||
| 245 | _cCynthia Hermosisima - Macabuhay. | ||
| 260 | _aMandaluyong: | ||
| 260 | _bNational Book Store, | ||
| 260 | _c2006 | ||
| 300 | _a180 pages : | ||
| 300 | _billustrations ; | ||
| 300 | _c22 cm. | ||
| 500 | _aIncludes bibliographical references and index. | ||
| 650 | _aBusiness communication. | ||
| 650 | _aCommercial correspondence. | ||
| 650 | _xBusiness writing. | ||
| 650 | _xBusiness writing. | ||
| 999 |
_c293181 _d293181 |
||